| 000 | 00652nam a2200169 4500 | ||
|---|---|---|---|
| 001 | 6586 | ||
| 090 | 0 | 0 | _aPOL.SCI CAP No.72 |
| 245 | 0 | 0 |
_aSocial media and its impacts on the youths of Thimphu / _b _cTshering Pem Tamang. _h |
| 260 | 0 | 0 |
_a[Thimphu] : _b[Royal Thimphu College], _c2017. |
| 300 | 0 | 0 | _a28 leaves ; 30 cm. |
| 504 | _aIncludes bibliographical references. | ||
| 520 | _aSpiral-bound xerographic copy. | ||
| 520 | _aStudent research project for BA, Political Science (Capstone Project):(2017). | ||
| 650 |
_aCommunication Social aspects Bhutan. _v _x _y _z _2 |
||
| 650 |
_aMass media Social aspects Bhutan. _v _x _y _z _2 |
||
| 650 | 0 | 0 |
_aCapstone Project. _x |
| 999 |
_c5539 _d5539 |
||